| 000 | 00755aam a2200289 4500 | ||
|---|---|---|---|
| 005 | 20170112083154.0 | ||
| 008 | 150603b xxu||||| |||| 00| 0 spa d | ||
| 041 | _aspa | ||
| 082 | _a917.286 F523c | ||
| 100 |
_aFirestone, Matthew D. _936212 |
||
| 100 |
_aMitra, Guyan _936213 |
||
| 100 |
_aYanagihara, Wendy _936214 |
||
| 245 | _aCosta Rica | ||
| 260 | _aCosta Rica | ||
| 260 | _bLonely Planet | ||
| 260 | _c2008 | ||
| 300 | _a592 páginas | ||
| 650 |
_aCOSTA RICA _936215 |
||
| 650 |
_aDESCRIPCIONES Y VIAJES _936216 |
||
| 650 |
_aGEOGRAFÍA TURÍSTICA _96732 |
||
| 650 |
_aGUÍAS _9738 |
||
| 650 |
_aPLAYAS _98299 |
||
| 650 |
_aTURISMO _9894 |
||
| 650 |
_aVOLCANES DE COSTA RICA _92384 |
||
| 650 |
_aPARQUES NACIONALES _9897 |
||
| 942 | _cBK | ||
| 999 |
_c6191 _d6191 |
||